000
00313nam a22001217a 4500
040
_c
SY
082
_a
333
100
_a
HUSSEIN ABAZA
245
_a
Environmental impact assessment and strategic environmental assessment: towards an integrated approach
260
_a
RUA
_b
HUS
_c
2004
300
_a
147p.
942
_c
EK
999
_c
9784
_d
9784